Statistiche per Rosa Juventus 2022/2023

Clicka qui per fare il quiz!

Statistiche generali

  • Questo quiz è stato fatto 39 volte
  • Il punteggio medio è 23 su 31

Statistiche sulle risposte

N° di
maglia
RuoloGiocatoreNazionalita% Corretto
3DifensoreBremerBrasle
95%
6DifensoreDaniloBrasile
95%
9AttaccanteDusan VlahovicSerbia
95%
7AttaccanteFederico ChiesaItalia
95%
8CentrocampistaWeston McKennieStati Uniti
95%
14AttaccanteArkadiusz MilikPolonia
92%
5CentrocampistaManuel LocatelliItalia
92%
12DifensoreAlex SandroBrasile
89%
11DifensoreJuan CuadradoColombia
89%
1PortiereWojciech SzczesnyPolonia
89%
23PortiereCarlo PinsoglioItalia
86%
2DifensoreMattia De SciglioItalia
86%
10CentrocampistaPaul PogbaFrancia
86%
17CentrocampistaFilip KosticSerbia
84%
18AttaccanteMoise KeanItalia
84%
36PortiereMattia PerinItalia
81%
25CentrocampistaAdrien RabiotFrancia
78%
19DifensoreLeonardo BonucciItalia
78%
20CentrocampistaFabio MirettiItalia
76%
30AttaccanteMatìas SouléArgentina
76%
43AttaccanteSamuel Iling-JuniorInghilterra
73%
24DifensoreDaniele RuganiItalia
68%
15DifensoreFederico GattiItalia
68%
21AttaccanteKaio JorgeBrasile
68%
45CentrocampistaEnzo BarrenecheaArgentina
62%
44CentrocampistaNicolò FagioliItalia
62%
28CentrocampistaDenis ZakariaSvizzera
57%
32CentrocampistaLeandro ParedesArgentina
54%
22AttaccanteAngel Di MarìaArgentina
49%
33AttaccanteMarley AkéFrancia
22%
42DifensoreTommaso BarbieriItalia
14%

Distribuzione punteggi

Percentile per numero di risposta

Percentuale di utenti per punteggio

I tuoi punteggi nel tempo

Non hai fatto questo quiz